Učitavanje...
Encyclopaedia of plants .V .1 Part I
| Daljnji autori: | |
|---|---|
| Format: | Printed Book |
| Jezik: | Undetermined |
| Izdano: |
New Delhi
Anmol Publications Pvt Ltd
1991
|
| Teme: |
| LEADER | 00562nam a2200169Ia 4500 | ||
|---|---|---|---|
| 008 | 140316s9999 xx 000 0 und d | ||
| 020 | |a 81 7041 543 0 | ||
| 082 | |a 580 .3 |b NIC/EN.2.1 | ||
| 100 | |||
| 245 | |a Encyclopaedia of plants .V .1 Part I | ||
| 260 | |a New Delhi |b Anmol Publications Pvt Ltd |c 1991 | ||
| 300 | |a 270 | ||
| 650 | |a Plants | ||
| 700 | |a Nicholson,George | ||
| 942 | |2 ddc |c REF | ||
| 999 | |c 16858 |d 16858 | ||
| 952 | |0 0 |1 0 |2 ddc |4 0 |6 580__300000000000000_NICEN_2_1 |7 0 |9 24456 |a KAUCLV |b KAUCLV |c REF |d 2014-03-18 |o 580 .3 NIC/EN.2.1 |p 200067 |r 2014-03-18 |w 2014-03-18 |y REF | ||